header

College algebra with trigonometry (Record no. 264368)

MARC details
000 -LEADER
fixed length control field 00592nam a22001937a 4500
003 - CONTROL NUMBER IDENTIFIER
control field OSt
005 - DATE AND TIME OF LATEST TRANSACTION
control field 20240820115022.0
008 - FIXED-LENGTH DATA ELEMENTS--GENERAL INFORMATION
fixed length control field 240820b xxu||||| |||| 00| 0 eng d
020 ## - INTERNATIONAL STANDARD BOOK NUMBER
International Standard Book Number 9780073519500 (hard copy : alk. paper)
International Standard Book Number 0073519502 (hard copy : alk. paper)
040 ## - CATALOGING SOURCE
Transcribing agency N/A
050 ## - LIBRARY OF CONGRESS CALL NUMBER
Classification number QA154.3
Item number B368
100 ## - MAIN ENTRY--PERSONAL NAME
Personal name Raymond A. Barnett ... [et al.].
245 ## - TITLE STATEMENT
Title College algebra with trigonometry
Statement of responsibility, etc Barnett, Raymond A.
250 ## - EDITION STATEMENT
Edition statement Ninth edition
260 ## - PUBLICATION, DISTRIBUTION, ETC. (IMPRINT)
Place of publication, distribution, etc NewYork
Name of publisher, distributor, etc : McGraw-Hill,
Date of publication, distribution, etc 2011
300 ## - PHYSICAL DESCRIPTION
Other physical details 1 v. (various pagings) : col. ill. ; 29 cm.
942 ## - ADDED ENTRY ELEMENTS (KOHA)
Source of classification or shelving scheme Library of Congress Classification
Koha item type Long Loan Books
Holdings
Withdrawn status Lost status Source of classification or shelving scheme Damaged status Not for loan Collection code Home library Current library Shelving location Date acquired Total Checkouts Full call number Barcode Date last seen Price effective from Koha item type
    Library of Congress Classification     Non-fiction Rongo University Library Rongo University Library General Stacks 20/08/2024   QA154.3 B368 2011 202401096 20/08/2024 20/08/2024 Short Loan Books
    Library of Congress Classification     Non-fiction Rongo University Library Rongo University Library General Stacks 20/08/2024   QA154.3 B368 2011 202401095 20/08/2024 20/08/2024 Short Loan Books

© 2026 Rongo University
Contact us: librarian | system librarian | Rongo university